Tìm hiểu truyện Kiều

保存先:
書誌詳細
第一著者: Lê, Quế
フォーマット: 図書
言語:Undetermined
出版事項: Nghệ An Nhà xuất bản Nghệ An 2004
主題:
タグ: タグ追加
タグなし, このレコードへの初めてのタグを付けませんか!
Thư viện lưu trữ: Trung tâm Học liệu Trường Đại học Cần Thơ
LEADER 00560nam a2200205Ia 4500
001 CTU_97286
008 210402s9999 xx 000 0 und d
020 |c 50000 
082 |a 895.922109 
082 |b Qu250 
100 |a Lê, Quế 
245 0 |a Tìm hiểu truyện Kiều 
245 0 |c Lê Quế 
260 |a Nghệ An 
260 |b Nhà xuất bản Nghệ An 
260 |c 2004 
650 |a Kieu story 
650 |x History and criticism 
904 |i Minh(Tuyến) 
980 |a Trung tâm Học liệu Trường Đại học Cần Thơ